000 00419nam a2200181Ia 4500
008 210210b1950 xxu||||| |||| 00| 0 eng d
041 _aeng
082 _a930/103
100 _aROSE (H J)
245 _aHandbook of Greek mythology
260 _aLondon
_bMethuen & Co Ltd.
_c1950
650 _aof
650 _amythology
650 _aHandbook
650 _aGreek
690 _aAncient History
906 _a025015
999 _c150715
_d150715